| 000 | 00948cam a2200265 4500 | ||
|---|---|---|---|
| 008 | #DATE n2003 000 0 eng u | ||
| 020 | _a0421769203 | ||
| 035 | _a(Sirsi) u119074 | ||
| 041 | _aeng | ||
| 050 |
_a306.026 _c18 |
||
| 100 | _aArden, Andrew | ||
| 245 | _aManual of housing law | ||
| 250 | _a7th ed. | ||
| 260 |
_aLondon _bSweet & Maxwell _c2003 |
||
| 300 |
_alxix,493p. _c22cm. |
||
| 350 | _a45 | ||
| 520 | _aThe seventh edition of this textbook, which has been expanded and updated to take account of recent legislation, particularly the Commonhold and Leasehold Reform Act 2002, the Homelessness Act 2002 and the Human Rights Act 1998. Considers: occupation status, security of tenure, harassment and illegal eviction, disrepair and overcrowding. | ||
| 650 | _aEVICTIONS | ||
| 650 | _aDISREPAIR | ||
| 650 | _aHOUSING LAW | ||
| 650 | _aSECURITY OF TENURE | ||
| 690 | _aHOUSING | ||
| 700 | _aHunter, C. | ||
| 942 | _n0 | ||
| 999 |
_c102245 _d102245 |
||